[Event "Sant Adria op 14th"]
[Site "Sant Adria de Besos"]
[Date "2018.04.29"]
[Round "2.5"]
[White "Serrano Pertinez, Miquel"]
[Black "Gasol Colomera, Francesc"]
[Result "1-0"]
[WhiteElo "2233"]
[BlackElo "1973"]
[PlyCount "51"]
[EventDate "2018.04.15"]
[EventType "swiss"]
[EventRounds "9"]
[EventCountry "ESP"]
[SourceTitle "EXT 2024"]
[Source "ChessBase"]
[SourceDate "2023.10.10"]
[SourceVersion "1"]
[SourceVersionDate "2023.10.10"]
[SourceQuality "1"]

1. b3 Nf6 2. Bb2 d5 3. e3 Nc6 4. Nf3 g6 5. Bb5 Bg7 6. Ne5 Bd7 7. Bxc6 Bxc6 8. Nxc6 bxc6 9. 0-0 Qd7 10. d3 Rb8 11. Nc3 Nh5 12. Qd2 f5 13. Rae1 0-0 14. Na4 Bxb2 15. Nxb2 f4 16. exf4 Nxf4 17. f3 Rf5 18. d4 Rbf8 19. Nd3 Nxd3 20. Qxd3 Qd6 21. Qe3 R8f7 22. a4 Kf8 23. Qc3 h5 24. Re5 c5 25. Rxf5 Rxf5 26. dxc5 1-0

[Event "Sant Adria de Besos op 12th"]
[Site "Sant Adria de Besos"]
[Date "2016.05.22"]
[Round "5"]
[White "Castejon Garcia, Ricardo"]
[Black "Gasol Colomera, Francesc"]
[Result "1/2-1/2"]
[WhiteElo "1733"]
[BlackElo "1899"]
[PlyCount "70"]
[EventDate "2016.04.10"]
[EventType "swiss"]
[EventRounds "9"]
[EventCountry "ESP"]
[SourceTitle "EXT 2017"]
[Source "ChessBase"]
[SourceDate "2016.10.25"]
[SourceVersion "1"]
[SourceVersionDate "2016.10.25"]
[SourceQuality "1"]

1. e4 e5 2. Nf3 Nc6 3. Bc4 Be7 4. d4 exd4 5. Nxd4 Ne5 6. Bb3 d6 7. Nc3 Bg4 8. f3 Bd7 9. Bf4 Bg5 10. Bxe5 dxe5 11. Nde2 Ne7 12. h4 Be3 13. Qd3 Bc5 14. Bxf7+ Kxf7 15. Qc4+ Be6 16. Qxc5 Nc6 17. Rd1 Qe7 18. Qxe7+ Kxe7 19. Nd5+ Bxd5 20. Rxd5 Rad8 21. c3 Ke6 22. Rd1 Rxd1+ 23. Kxd1 Rd8+ 24. Kc2 Na5 25. b3 c5 26. Rd1 Rf8 27. Ng3 g6 28. Ne2 b6 29. Rd3 h5 30. c4 Nc6 31. a3 Rf7 32. g3 Rf8 33. Kc3 a5 34. Kd2 Rf7 35. Ke3 a4 1/2-1/2

[Event "Terrassa Barad op"]
[Site "Terrassa"]
[Date "2013.??.??"]
[Round "4"]
[White "Gasol Colomera, Francesc"]
[Black "Barata Anguas, Pedro"]
[Result "1/2-1/2"]
[WhiteElo "1753"]
[BlackElo "1620"]
[PlyCount "77"]
[EventDate "2013.10.18"]
[EventType "swiss"]
[EventRounds "8"]
[EventCountry "ESP"]
[SourceTitle "EXT 2015"]
[Source "ChessBase"]
[SourceDate "2014.11.20"]
[SourceVersion "1"]
[SourceVersionDate "2014.11.20"]
[SourceQuality "1"]

1. e4 e6 2. d4 d5 3. Nc3 Bb4 4. e5 c5 5. a3 Bxc3+ 6. bxc3 c4 7. Qg4 g6 8. Bg5 Qb6 9. Ne2 Qb2 10. Rc1 Bd7 11. g3 Qxa3 12. Bg2 Bc6 13. 0-0 h5 14. Qf4 Nd7 15. Rfe1 Qf8 16. Rb1 a5 17. Ra1 b5 18. Reb1 Nb6 19. Bf6 Nxf6 20. exf6 Kd7 21. Bh3 Qd6 22. Qg5 Kc7 23. Kf1 a4 24. Qe5 Qxe5 25. dxe5 Nd7 26. f4 Nc5 27. Bg2 Rhd8 28. Nd4 Ra5 29. Ke2 a3 30. Ke3 a2 31. Re1 Rda8 32. Kd2 Ra3 33. Re3 Rb8 34. Bf3 b4 35. cxb4 Rxe3 36. Kxe3 Rxb4 37. Rxa2 Ra4 38. Rxa4 Nxa4 39. h3 1/2-1/2

[Event "Llinars del Valles Tardor op 3rd"]
[Site "Llinars del Valles"]
[Date "2011.11.11"]
[Round "7"]
[White "Gasol Colomera, Francesc"]
[Black "Amores Oliveros, Justo"]
[Result "1-0"]
[WhiteElo "1721"]
[BlackElo "1791"]
[PlyCount "96"]
[EventDate "2011.09.30"]
[EventType "swiss"]
[EventRounds "9"]
[EventCountry "ESP"]
[SourceTitle "EXT 2013"]
[Source "ChessBase"]
[SourceDate "2012.11.22"]
[SourceVersion "1"]
[SourceVersionDate "2012.11.22"]
[SourceQuality "1"]

1. e4 d6 2. d4 Nf6 3. Nc3 Bg4 4. Nf3 Nbd7 5. Be2 e5 6. 0-0 Be7 7. Be3 c6 8. Nd2 Bxe2 9. Qxe2 Qc7 10. f4 exd4 11. Bxd4 c5 12. Be3 0-0 13. Rad1 a6 14. a4 Rad8 15. Bf2 Rfe8 16. Bg3 Bf8 17. Qf3 Qc6 18. b3 b5 19. axb5 axb5 20. Nd5 Nxd5 21. exd5 Qb7 22. c4 Ra8 23. Rde1 f5 24. Qd3 g6 25. Nf3 h6 26. Bh4 Kf7 27. h3 Nb6 28. g4 fxg4 29. hxg4 Qd7 30. f5 g5 31. Bg3 bxc4 32. bxc4 Qa4 33. f6 Rxe1 34. Qh7+ Ke8 35. Rxe1+ Kd8 36. Qf7 Nd7 37. Re8+ Kc7 38. Rxa8 Qxa8 39. Qe6 Qa1+ 40. Be1 Qxf6 41. Ba5+ Kb8 42. Qe8+ Kb7 43. Qxd7+ Ka8 44. Qc6+ Kb8 45. Bc7+ Kc8 46. Bxd6+ Kd8 47. Qa8+ Kd7 48. Qc6+ Kd8 1-0

[Event "Llinars del Valles Tardor op 3rd"]
[Site "Llinars del Valles"]
[Date "2011.10.07"]
[Round "2"]
[White "Gasol Colomera, Francesc"]
[Black "Bover Salvado, Jordi"]
[Result "1-0"]
[WhiteElo "1721"]
[BlackElo "1830"]
[PlyCount "71"]
[EventDate "2011.09.30"]
[EventType "swiss"]
[EventRounds "9"]
[EventCountry "ESP"]
[SourceTitle "EXT 2013"]
[Source "ChessBase"]
[SourceDate "2012.11.22"]
[SourceVersion "1"]
[SourceVersionDate "2012.11.22"]
[SourceQuality "1"]

1. e4 e5 2. Nf3 Nf6 3. Nc3 Nc6 4. Bc4 Bc5 5. d3 d6 6. a3 Bg4 7. Na4 Nd4 8. Nxc5 dxc5 9. Bxf7+ Kxf7 10. Nxe5+ Kf8 11. Nxg4 Nxg4 12. c3 Nxf2 13. Rf1 Ke8 14. Rxf2 Ne6 15. Qh5+ Kd7 16. Qd5+ Ke7 17. Bg5+ Nxg5 18. Qxg5+ Kd7 19. Qf5+ Kc6 20. e5 Re8 21. 0-0-0 Qd5 22. Re2 Rad8 23. d4 Rf8 24. Qxh7 Qc4 25. Qe4+ Qd5 26. Qc2 c4 27. Qa4+ Kb6 28. e6 Qg5+ 29. Kb1 Qg6+ 30. Ka1 Rde8 31. Qb4+ Ka6 32. Qxc4+ Kb6 33. Qc5+ Ka6 34. Qxc7 Qg4 35. Rde1 Qg5 36. Re5 1-0